| 000 | 00445nam a22001817a 4500 | ||
|---|---|---|---|
| 003 | OSt | ||
| 005 | 20160308154505.0 | ||
| 008 | 160223b1995 slv spa | ||
| 020 | _a2-213-59547-X | ||
| 040 | _cBMC | ||
| 082 | _a843 | ||
| 100 | 1 |
_938726 _aSchlogel, Gilbert |
|
| 245 | 1 | 0 |
_aRage de flic _cGilbert Schlogel |
| 260 |
_aLa Flèche _bFayard _c1995 |
||
| 300 |
_a210 p. _c18 cm |
||
| 650 | 2 | 4 |
_911443 _aNovela francesa |
| 942 |
_2ddc _cBK |
||
| 999 |
_c24925 _d24925 |
||